000 00830nam a2200253Ia 4500
999 _c55461
_d55461
001 22543
003 GE_BSU
005 20230327162639.0
008 181216s2004||||enk|||||||||||||| ||eng||
020 _a9781581211023
040 _cGE_BSU
041 _ageo
080 _a811.111.1 C-21
100 _aCarol, J.Patrie
_917292
245 _aConsecutive Interpreting from English :
_bTeacher'Guide /
_cJ.Patrie Carol.
264 _aSan Diego :
_bDawnsign Press,
_c2004.
300 _a212 p. ;
_bill. ;
_c29cm.
_e+1CD-Rom
490 _aThe Effective Interpreting series
541 _h84gel.
653 _aConsecutive Interpreting from English
653 _aზეპირი ინტერპრეტირება ინგლისურიდან
653 _aინგლისური ენა
942 _cBK
_2udc